| 000 | 00680nam a2200241Ia 4500 | ||
|---|---|---|---|
| 005 | 20260429112115.0 | ||
| 008 | 260429s9999||||xx |||||||||||||| ||und|| | ||
| 020 | _a9781319498658 | ||
| 041 | _aEnglish | ||
| 082 |
_a616.079 _bSTR |
||
| 100 | _aStranford, Sharon A. | ||
| 245 | 0 |
_aKuby immunology : _bCovid-19 and digital update / _cSharon A. Stranford |
|
| 250 | _a8th ed. | ||
| 260 |
_aAustin : _bMacmillan Learning, _c2023. |
||
| 300 | _axxviii, 1100 p.; pbk | ||
| 650 | _a Innate immunity | ||
| 650 | _a Lymphocyte receptor genes | ||
| 650 | _aImmunology | ||
| 700 | _a Jones, Patricia P. | ||
| 700 | _a Owen, Judith A. | ||
| 700 | _a Punt, Jenni | ||
| 942 | _cTB | ||
| 999 |
_c52384 _d52384 |
||